000 01681nam a2200265 a 4500
001 BRCA_9046
005 20190320210515.0
008 010917s1782----sp-#######---#000-0#spa-#
041 _aspa
044 _asp
084 _aLE8
_b.F54 1782
100 1 _aFlechier, Espiritu
_d1632-1710
_921855
245 1 0 _aSermones del ilustrísimo señor Espiritu Flechier, Obispo de Nimes
_ctraducidos del francés al español por Don Juan Arribas y Soria...
250 _a3a ed.
260 _aMadrid
_bPor Blas Roman
_c1782
300 _a287 p. (t.2)
_c21.3 x 15.3 cm
500 _aCon privilegio para los seis tomos
500 _aEstado físico: presenta encuadernación en pergaino con lomo semi desprendido
500 _aCon marca de fuego: “Procedencia de la marca: Convento de San Francisco de Silao, Guanajuato(1). Institución: Provincia de San Pedro y San Pablo de Michoacán. Descripción: Abreviatura de la palabra Conv[en]to seguido del monograma compuesto por las iniciales “A”, “S”, “I” y “L” que se desata como Silao. El todo inscrito en un rectángulo. Observaciones: David Saavedra la adjudica al Convento Franciscano de Silao, Guanajuato. Con el testimonio de pertenencia ubicado en este ejemplar se corrobora la atribución realizada por David Saavedra. Ubicación de la marca en el libro: Canto superior, inferior y lateral”
650 1 4 _aSermones
_yObras anteriores a 1800
_921369
700 1 _aArribas y Soria, Juan
_etr.
_922415
856 _ahttp://www.marcasdefuego.buap.mx:8180/xmLibris/projects/firebrand/item.jsp?repository=marcas_de_fuego&key=marcas_de_fuego_franciscanas_20150807140752_1047.xml&num=130
902 _aCFM
942 _2lcc
_cB
999 _c8696
_d8696